|
|
|
|
| LEADER |
01051nam a22002417a 4500 |
| 001 |
38166 |
| 003 |
BD-DhAAL |
| 008 |
220322r20161999bg ||||| |||| 00| 0 ben d |
| 999 |
|
|
|c 43834
|d 43834
|
| 020 |
|
|
|a 9789844321984
|
| 040 |
|
|
|a BD-DhAAL
|
| 041 |
|
|
|a ben
|
| 082 |
|
|
|a 891.441
|2 23
|
| 100 |
|
|
|a ওবায়দুল্লাহ, আবু জাফর
|9 47226
|
| 245 |
|
|
|a কবিতাসমগ্র /
|c আবু জাফর ওবায়দুল্লাহ
|
| 246 |
|
|
|a Kobitasamogra
|
| 260 |
|
|
|a ঢাকা :
|b অনন্যা,
|c ১৯৯৯ [পরিমার্জিত পঞ্চম মুদ্রণ ২০১৬].
|
| 300 |
|
|
|a ২১৫ পৃষ্ঠা ;
|c ২২ সে.মি.
|
| 541 |
|
|
|a Donated By Akbar Ali Khan
|e 38166
|
| 650 |
|
|
|a Bengali poetry.
|9 47227
|
| 852 |
|
|
|a Ayesha Abed Library
|c Akbar Ali Khan Collection
|
| 942 |
|
|
|2 ddc
|c BK
|
| 952 |
|
|
|0 0
|1 0
|2 ddc
|4 0
|6 891_441000000000000_OBA
|7 1
|9 70217
|a BRACUL
|b BRACUL
|c AAKC
|d 2022-03-22
|e Donated by Akbar Ali Khan
|l 0
|o 891.441 OBA
|p 3010038166
|r 2022-03-22
|t 1
|w 2022-03-22
|y BK
|